Culture Générale en Chaîne #1 - Statistiques

Statistiques générales
  • Ce quiz a été pris 65 fois
  • Le résultat moyen est 5 sur 19
Statistiques - réponses
Hint Réponse % Correct
Pluriel de “feuille” en anglais Leaves
70%
Ville antique ayant changé de nom de nombreuses fois Istanbul
59%
Seul écrivain français ayant, de son vivant, donné son nom à une rue Victor Hugo
52%
Titre arabe signifiant "commandant", "chef" ou "prince" Émir
48%
Ce que Pokémon et Darwin ont en commun Évolution
43%
Région de l’ouest de l’Allemagne particulièrement industrielle Ruhr
33%
Spécialité italienne à base de riz frit Arrancini
30%
Série de jeux vidéos connue pour ses “sauts de l’ange” Assassin's Creed
22%
Région croate connue pour ses plages et ses chiens Dalmatie
22%
Île asiatique connue pour ses tigres, ses orangs-outans et ses éléphants Sumatra
22%
Légume oublié Rutabaga
17%
Vaiselle précieuse Argenterie
15%
Colonie britannique fondée en 1620 et devenue un État des États-Unis Massachusetts
15%
Cocktail italien à base de gin, de Campari et de vermouth rouge Negroni
15%
Procédé cinématographique d’enregistrement de films en couleur Technicolor
13%
Résineux Épicéa
11%
Pirate, archer elfe, chevalier Orlando Bloom
6%
Culture céréalière du sud de la France Riz de Camargue
2%
Compositeur russe décédé le même jour que Staline Sergueï Prokofiev
2%
Aucun quiz correspondant
Distribution des résultats
% des personnes avec chaque résultat
Percentile par nombre de réponses
Votre historique - résultats
Vous n’avez pas pris ce quiz